Provinces d'Afrique du Sud sur une Carte - Statistiques

Statistiques générales
  • Ce quiz a été pris 478 fois
  • Le résultat moyen est 5 sur 9
Réponses sur la Carte
Les réponses sont colorées sur une échelle allant du rouge au vert en fonction du pourcentage des utilisateurs qui les ont devinées à leur premier essai. Vous pouvez retrouver ces pourcentages ci-dessous.
 
Statistiques - réponses
Provinces % Correct
État Libre
74%
Cap-Occidental
71%
Cap-Oriental
68%
KwaZulu-Natal
62%
Limpopo
56%
Cap-Nord
55%
Gauteng
53%
Nord-Ouest
38%
Mpumalanga
31%
Aucun quiz correspondant
Distribution des résultats
% des personnes avec chaque résultat
Percentile par nombre de réponses
Votre historique - résultats
Vous n’avez pas pris ce quiz